000 00365nam a22001457a 4500
008 250902b |||||||| |||| 00| 0 eng d
020 _a9783089596
050 _aHD 58.7
_b.U56
100 _aUJO A. ABDULHAMEED
245 _aORGANISATIONAL THEORY AND BEHAVIOUR
250 _a2nd
260 _aNIGERIA
_bJOYCE GRAPHIC PRINTERS
_c1996
300 _a193p.
942 _cBK
999 _c4462
_d4462